Statistiken für Landkreise in Niedersachsen (1949 bis 2015)

Klicken Sie hier um das Quiz zu spielen!

Allgemein

  • Dieses Quiz wurde 1.044 mal gespielt
    (935 seit der letzten Aktualisierung)
  • Das Durchschnittsergebnis liegt bei 44 aus 105

Antwortstatistiken

+Kreis% Korrekt
sHannoverH
94%
OldenburgOLOL: bis 1993 in Oldenburg (Oldb)
85%
sBraunschweigBS
84%
OsnabrückOS
84%
Göttingen
82%
sWolfsburgWOB
81%
sEmdenEMD
80%
CuxhavenCUX
78%
LüneburgLG
78%
AurichAUR
76%
CelleCE
75%
HildesheimHI
75%
sWilhelmshavenWHV
73%
GoslarGS
72%
LeerLER
70%
HamelnHM
69%
sSalzgitterSZSZ: bis 1951 Watenstedt-Salzgitter
69%
EmslandEL
68%
StadeSTD
68%
CloppenburgCLP
67%
VechtaVEC
67%
UelzenUE
65%
sDelmenhorstDEL
63%
PeinePE
63%
WolfenbüttelWF
63%
FrieslandFRI
62%
VerdenVER
62%
DiepholzDH
58%
Harburg
58%
HelmstedtHE
57%
GifhornGF
55%
SchaumburgSHG
54%
WittmundWTM
54%
Ammerland
53%
NortheimNOM
53%
HeidekreisHKHK: bis 2011 Soltau-Fallingbostel, SFA
52%
SoltauSOL
52%
Wesermarsch
52%
Grafschaft Bentheim
51%
HolzmindenHOL
51%
Meppen | MEP
51%
OsterholzOHZ
50%
Lüchow-DannenbergDAN
47%
Rotenburg (Wümme)ROW
47%
LingenLIN
46%
NordenNOR
42%
NordhornNOH
41%
Nienburg (Weser)NI
40%
Jever
39%
Dannenberg-
38%
Dannenberg (Elbe)
38%
FallingbostelFAL
34%
MelleMEL
32%
StadthagenSTH
32%
Winsen (Luhe)WL
32%
EinbeckEIN
30%
Hameln-Pyrmont
29%
RintelnRI
29%
SykeSY
29%
BurgdorfBU
28%
Bremerhaven
27%
Region Hannover
27%
WesterstedeWST
27%
Hann. MündenHMÜ
26%
Neustadt am RübenbergeNRÜ
26%
Osterode am HarzOHA
26%
Berg- und Universitätsstadt Clausthal-ZellerfeldCLZClausthal-Zellerfeld: bis 2014 Bergstadt Clausthal-Zellerfeld
25%
BremervördeBRV
25%
Osterholz-Scharmbeck
25%
-DuderstadtDUD
24%
Bad Fallingbostel
23%
Schaumburg-Lippe
23%
Verden (Aller)
23%
Alfeld (Leine)ALF
22%
SpringeSPR
22%
Brake (Unterweser)BRA
21%
sOldenburg (Oldenburg)OL
21%
Wildeshausen [seit 1988]
21%
Bad Gandersheim
20%
BersenbrückBSB
20%
BraunlageBRL
20%
Grafschaft Hoya
20%
Leer (Ostfriesland)
20%
Lingen (Ems)
20%
Aurich / Ostfriesland
19%
Aurich (Ostfriesland)AUR
19%
Hansestadt LüneburgLüneburg: "Hansestadt" seit 2007
19%
GandersheimGAN
18%
Grafschaft Diepholz
18%
Hansestadt StadeStade: "Hansestadt" seit 2009
18%
Aschendorf-Hümmling
17%
Hansestadt UelzenUelzen: "Hansestadt" seit 2016
17%
Hildesheim-Marienburg
17%
Münden
17%
OtterndorfOTT
17%
WesermündeWEM
17%
Blankenburg
16%
Grafschaft Schaumburg
16%
Lüchow (Wendland)
16%
WittlageWTL
16%
Zellerfeld
16%
Aschendorf/EmsASD
14%
Land Hadeln
14%
Rotenburg in HannoverROH
14%

Verteilung der Resultate

Perzentil nach korrekt beantworteten Fragen

Anzahl Personen mit jedem Resultat

Ihre Resultats-Entwicklung

Sie haben dieses Quiz seit der letzten Aktualisierung nicht gespielt